Malezas argentinas : en cultivos de invierno /

Guardado en:
Autor Principal: Molina, Aníbal R.
Formato: Libro
Publicado: Buenos Aires : A. R. Molina, 2006
Materias:
Etiquetas: Agregar Etiqueta
Sin Etiquetas, Sea el primero en etiquetar este registro!
LEADER 00581nam a22001935a 4500
001 CEM.cems017287
005 20091127152502.0
008 130507s2006##################000#0#####d
003 CEMS
020 |a 9789870511748 
082 0 4 |a 632.5 
100 1 |a Molina, Aníbal R. 
245 1 0 |a Malezas argentinas :  |b en cultivos de invierno /  |c Aníbal R. Molina 
260 |a Buenos Aires :  |b A. R. Molina,  |c 2006 
300 |a 96 p. 
653 |a Malezas 
653 |a Malezas argentinas 
653 |a Cultivos de invierno-malezas 
859 |a CEMS  |b BIB. CEMS - Agricultura  |h 632.5  |i M733  |p A1108.09  |t Ej.1  |v 2  |3 2